The national fraud strategy (Record no. 109404)

MARC details
000 -LEADER
fixed length control field 01609cad a22002415a 4500
001 - CONTROL NUMBER
control field E147017
008 - FIXED-LENGTH DATA ELEMENTS--GENERAL INFORMATION
fixed length control field 090324s2009 xxk f f000 0 eng d
035 ## - SYSTEM CONTROL NUMBER
System control number (Sirsi) u147017
041 0# - LANGUAGE CODE
Language code of text/sound track or separate title eng
050 04 - LIBRARY OF CONGRESS CALL NUMBER
Classification number 364.163 $2 18
110 2# - MAIN ENTRY--CORPORATE NAME
Corporate name or jurisdiction name as entry element National Fraud Strategic Authority
9 (RLIN) 5716
245 04 - TITLE STATEMENT
Title The national fraud strategy
Remainder of title a new approach to combating fraud
Medium [electronic resource]
260 ## - PUBLICATION, DISTRIBUTION, ETC.
Place of publication, distribution, etc. London
Name of publisher, distributor, etc. NFSA
Date of publication, distribution, etc. 2009
505 2# - FORMATTED CONTENTS NOTE
Formatted contents note Attorney General's foreward -- Introduction from Sandra Quinn, NFSA Interim Chief Executive -- Introduction from Bernard Herdan, NFSA Chief Executive Designate -- Executive summary -- Chapter one, the real cost of fraud -- Chapter two, setting priorities, taking action -- Chapter three, measuring results -- Contributors to the National Fraud Strategy -- Abbreviations
520 ## - SUMMARY, ETC.
Summary, etc. This National Fraud Strategy for England and Wales sets out actions aimed at tackling the circumstances which allow fraud to take place. Issues discussed include better systems for gathering and sharing knowledge about fraud, addressing the most important threats from fraud, dealing with those found guilty of fraud, and assisting victims. The initiative is supported by RICS, the Land Registry and the Council of Mortgage Lenders
521 ## - TARGET AUDIENCE NOTE
Target audience note Advanced
590 ## - LOCAL NOTE (RLIN)
Local note KA
650 24 - SUBJECT ADDED ENTRY--TOPICAL TERM
Topical term or geographic name entry element NATIONAL FRAUD STRATEGY
651 #4 - SUBJECT ADDED ENTRY--GEOGRAPHIC NAME
Geographic name England and Wales
Chronological subdivision 1543-
690 ## - LOCAL SUBJECT ADDED ENTRY--TOPICAL TERM (OCLC, RLIN)
Topical term or geographic name as entry element MANAGEMENT-BUSINESS MANAGEMENT
856 40 - ELECTRONIC LOCATION AND ACCESS
Uniform Resource Identifier <a href="https://www.attorneygeneral.gov.uk/NewsCentre/News/Documents/NFSA_STRATEGY_AW_Web%5B1%5D.pdf">https://www.attorneygeneral.gov.uk/NewsCentre/News/Documents/NFSA_STRATEGY_AW_Web%5B1%5D.pdf</a>
Public note View the publication free of charge at www.attorneygeneral.gov.uk...
942 ## - ADDED ENTRY ELEMENTS (KOHA)
Suppress in OPAC 0
Holdings
Withdrawn status Lost status Source of classification or shelving scheme Damaged status Not for loan Home library Current library Shelving location Date acquired Total Checkouts Full call number Barcode Date last seen Copy number Price effective from Koha item type
    Dewey Decimal Classification     Virtual Virtual Online 24/03/2009   ONLINE PUBLICATION 147017-2001 06/08/2019 1 06/08/2019 Book